1749 1973 1069 1178 1130 1299 1758 1597 1706 1245 1246 1156 1112 1813 1495 1782 1094 1224 1460 1935 1339 1414 1227 1355 1811 1734 1394 1225 1069 1137 1579 1809 1673 1838 1435 1724 1006 1871 1149 1166 1828 1017 1790 1728 1281 1423 1784 1534 1263 1590 1144 1473 1451 1383 1571 1560 1449 1620 1820 1097 1213 1962 1751 1454 1868 1714 1357 1161 1531 1408 1094 1500 1546 1783 1468 1467 1399 1678 1924 1164 1174 1803 1064 1339 1509 1698 1717 1147 1317 1629 1809 1466 1525 1358 1274 1239 1401 1980 1005 BCNSPRNW ULIB Ver.6.0+V

เปลี่ยนเป็นภาษาไทย

Change to English
 แสดงรายละเอียดบรรณานุกรม
  กลับหน้าหลัก

Brief Record : Get Marc (ISO 2709) : E-mail record : QR code < ปิดหน้าต่าง
LEADER : 00000nam 2200000uu 4500
001    13399126918
003     ULIB
008    190904s2562||||th 000 0 tha d
020    ^a9789740338352
060    ^aWX167^bจ258ก
100    ^aจันทร์ฉาย มณีวงษ์
245    ^aการพยาบาลด้านการป้องกันและควบคุมการแพร่กระจายเชื้อในโรงพยาบาล
250    ^aพิมพ์ครั้งที่ 1
260    ^aกรุงเทพฯ :^bแห่งจุฬาลงกรณ์มหาวิทยาลัย,^c2562
300    ^a132 หน้า^bภาพประกอบ, ตาราง
650    ^aการติดเชื้อในโรงพยาบาล^xการป้องกัน
650    ^aโรคติดเชื้อในโรงพยาบาล^xการป้องกัน
945    ^p160^l0^i27601
945    ^p160^l0^i27598
945    ^p160^l0^i27599
945    ^p160^l0^i27600
945    ^p160^l0^i27597
999    ^aกัณชพร จุลอักษร
รายการนี้ยังไม่มีแท็ก
คุณยังไม่ได้ล็อกอิน คุณสามารถมีกิจกรรมร่วมกับเว็บไซต์ได้ แต่ต้องล็อกอินก่อน ::
  ล็อกอิน

รายการสื่อสารสนเทศ

ลำดับที่ ประเภท เลขเรียก/บาร์โค้ด สถานที่ สถานะ
1. หนังสือสำรอง
หนังสือสำรอง
WX167 จ258ก ฉ.1 
  Barcode: 27597
ห้องสมุดวิทยาเขตนครสวรรค์
►หนังสือทั่วไป:l:General Books
บนชั้น
2. วิทยาศาสตร์การแพทย์ และสุขภาพ
วิทยาศาสตร์การแพทย์ และสุขภาพ
WX167 จ258ก ฉ.2 
  Barcode: 27598
ห้องสมุดวิทยาเขตนครสวรรค์
►หนังสือทั่วไป:l:General Books
บนชั้น
3. วิทยาศาสตร์การแพทย์ และสุขภาพ
วิทยาศาสตร์การแพทย์ และสุขภาพ
WX167 จ258ก ฉ.3 
  Barcode: 27599
ห้องสมุดวิทยาเขตนครสวรรค์
►หนังสือทั่วไป:l:General Books
บนชั้น
4. วิทยาศาสตร์การแพทย์ และสุขภาพ
วิทยาศาสตร์การแพทย์ และสุขภาพ
WX167 จ258ก ฉ.4 
  Barcode: 27600
ห้องสมุดวิทยาเขตนครสวรรค์
►หนังสือทั่วไป:l:General Books
บนชั้น
5. วิทยาศาสตร์การแพทย์ และสุขภาพ
วิทยาศาสตร์การแพทย์ และสุขภาพ
WX167 จ258ก ฉ.5 
  Barcode: 27601
ห้องสมุดวิทยาเขตนครสวรรค์
►หนังสือทั่วไป:l:General Books
บนชั้น

รายการใกล้เคียง
    ชื่อเรื่อง [การพยาบาลด้านการป้องกันและควบคุมการแพร่กระจายเชื้อในโรงพยาบาล]

    ผู้แต่ง [จันทร์ฉาย มณีวงษ์]

BibComment


ยังไม่เคยถูกคอมเมนท์

คอมเมนท์ทรัพยากรรายการนี้
  คอมเมนท์: การพยาบาลด้านการ..


 Copyright 2026. Bcnsprnw @Library